000 00654nam a2200229Ia 4500
003 GCL
008 140319s9999 xx 000 0 ara d
040 _aGCL /
_cGCL
082 0 4 _a701.18
_bر م
100 1 _aسامى خشبة(مترجم)
245 1 0 _aمعنى الفن /
_cسامى خشبة(مترجم)
700 1 _aريد، هربرت
700 1 _aمصطفى حبيب
260 _a[S.N] :
_bدار الكاتب العربى للطباعة والنشر ،
_c1968
300 _a303 ص
490 _a
650 0 4 _aالفلسفة
650 0 4 _aالجمال
650 0 4 _aالفن
650 0 4 _aالتذوق الفنى
942 _2ddc
_cBK
999 _c36518
_d36518